The jester : (Record no. 2861)

MARC details
000 -LEADER
fixed length control field 01702cam a2200373 a 4500
001 - CONTROL NUMBER
control field 2861
003 - CONTROL NUMBER IDENTIFIER
control field FISKH
005 - DATE AND TIME OF LATEST TRANSACTION
control field 20240118135632.0
008 - FIXED-LENGTH DATA ELEMENTS--GENERAL INFORMATION
fixed length control field 020624s2003 mau 000 1 eng
010 ## - LIBRARY OF CONGRESS CONTROL NUMBER
LC control number 2002073059
020 ## - INTERNATIONAL STANDARD BOOK NUMBER
International Standard Book Number 0316602051
020 ## - INTERNATIONAL STANDARD BOOK NUMBER
International Standard Book Number 9780755300204
040 ## - CATALOGING SOURCE
Original cataloging agency DLC
Transcribing agency DLC
Modifying agency DLC
043 ## - GEOGRAPHIC AREA CODE
Geographic area code e-fr---
050 00 - LIBRARY OF CONGRESS CALL NUMBER
Classification number PS3566.A822
Item number J48 2003
082 00 - DEWEY DECIMAL CLASSIFICATION NUMBER
Classification number 813/.54
Edition number 21
100 1# - MAIN ENTRY--PERSONAL NAME
Personal name Patterson, James,
Dates associated with a name 1947-
245 14 - TITLE STATEMENT
Title The jester :
Remainder of title a novel /
Statement of responsibility, etc. by James Patterson and Andrew Gross.
250 ## - EDITION STATEMENT
Edition statement This Edition published in 2004
260 ## - PUBLICATION, DISTRIBUTION, ETC.
Place of publication, distribution, etc. London :
Name of publisher, distributor, etc. Head line,
Date of publication, distribution, etc. 2003
300 ## - PHYSICAL DESCRIPTION
Extent 527 pages ;
Dimensions 18 cm
520 ## - SUMMARY, ETC.
Summary, etc. Hugh De Luc, a poor innkeeper, returns home from the First Crusade wearied from battle and disillusioned by carnage. After journeying from the Holy Land back to his own small village, he finds his nightmare is just beginning." In his absence, Hugh's son has been killed and his beloved wife, Sophie, abducted by a ruthless duke in search of a priceless relic dating back to the Crucifixion. Taking on the role of a jester, Hugh infiltrates the court where he believes Sophie is held captive. There he confronts men more evil than he ever imagined and embarks on an epic battle to restore his broken life.
650 #0 - SUBJECT ADDED ENTRY--TOPICAL TERM
Topical term or geographic name entry element Fools and jesters
Form subdivision Fiction.
650 #0 - SUBJECT ADDED ENTRY--TOPICAL TERM
Topical term or geographic name entry element Kidnapping
Form subdivision Fiction.
650 #0 - SUBJECT ADDED ENTRY--TOPICAL TERM
Topical term or geographic name entry element Nobility
Form subdivision Fiction.
650 #0 - SUBJECT ADDED ENTRY--TOPICAL TERM
Topical term or geographic name entry element Crusades
Form subdivision Fiction.
650 #0 - SUBJECT ADDED ENTRY--TOPICAL TERM
Topical term or geographic name entry element Relics
Form subdivision Fiction.
651 #0 - SUBJECT ADDED ENTRY--GEOGRAPHIC NAME
Geographic name France
General subdivision History
Chronological subdivision Medieval period, 987-1515
Form subdivision Fiction.
655 #7 - INDEX TERM--GENRE/FORM
Genre/form data or focus term Historical fiction.
Source of term gsafd
655 #7 - INDEX TERM--GENRE/FORM
Genre/form data or focus term Suspense fiction.
Source of term gsafd
700 1# - ADDED ENTRY--PERSONAL NAME
Personal name Gross, Andrew,
Dates associated with a name 1952-
906 ## - LOCAL DATA ELEMENT F, LDF (RLIN)
a 7
b cbc
c orignew
d 1
e ocip
f 20
g y-gencatlg
942 ## - ADDED ENTRY ELEMENTS (KOHA)
Source of classification or shelving scheme Dewey Decimal Classification
Koha item type Books
Suppress in OPAC No
Holdings
Withdrawn status Lost status Source of classification or shelving scheme Damaged status Not for loan Collection Home library Current library Shelving location Date acquired Total Checkouts Full call number Barcode Date last seen Price effective from Koha item type
    Dewey Decimal Classification     Fiction Footprints International School Library Network Toul Kork Campus Footprints International School Library Network Toul Kork Campus   01/18/2024   PAT Fic PS3566.A822 FISSE04480 01/18/2024 01/18/2024 Books